| 000 -CABECERA |
| fixed length control field |
02253nam a22003617a 4500 |
| 003 - IDENTIFICADOR DEL NÚMERO DE CONTROL |
| control field |
AR-CdUCM |
| 008 - DATOS DE LONGITUD FIJA--INFORMACIÓN GENERAL |
| fixed length control field |
190425b ||||| |||| 00| 0 spa d |
| 040 ## - FUENTE DE LA CATALOGACIÓN |
| Agencia/entidad que catalogó originalmente la obra |
MUNICIPALIDAD PROVINCIAL DEL CUSCO |
| Entidad que transcribió la catalogación |
BIBLIOTECA MUNICIPAL DEL CUSCO |
| 082 ## - NÚMERO DE LA CLASIFICACIÓN DECIMAL DEWEY |
| No. de Clasificación |
Rev.Andi/N°30/1997 |
| 110 ## - ENTRADA PRINCIPAL--NOMBRE DE ENTIDAD CORPORATIVA |
| Nombre de la institución, jurisdicción como entrada principal |
Centro Bartolomé de Las Casas |
| 9 (RLIN) |
3293 |
| 245 ## - MENCIÓN DE TÍTULO |
| Título |
Revista andina / |
| Mención de responsabilidad |
Centro de estudios rurales andinos Bartolomé de Las Casas Cusco |
| 260 ## - PUBLICACIÓN, DISTRIBUCIÓN, ETC. |
| Lugar de publicación, distribución, etc. |
Cusco : |
| Nombre de la editorial, distribuidor, etc. |
Centro Bartolomé de Las Casas, |
| Fecha de publicación, distribución, etc. |
1997. |
| 300 ## - DESCRIPCIÓN FÍSICA |
| Nº de Páginas Extensión |
383-551 páginas. : |
| Dimensiones |
23 cm. |
| 440 ## - MENCIÓN DE SERIE/PUNTO DE ACCESO ADICIONAL--TÍTULO |
| Título |
Publicación Semestral del Centro Bartolomé de Las Casas Cusco. |
| Número de la parte/sección de una obra |
Año 15, Número 30, N°2, Segundo semestre 1997. |
| 9 (RLIN) |
46454 |
| 505 ## - NOTA DE CONTENIDO CON FORMATO |
| Nota de contenido formateada |
Contenido: Nutrición infantil en los Andes nuevos enfoques en la medición e interpretación del estado nutricional en la niñez. Ulrike Eigner.-- Abastecimiento de energía nutricional en economías domésticas agrarias de subsistencia valle de Charazani Bolivia. Joachim Ziche. -- Cultivos andinos y seguridad alimentaria qué política. Annette Salis. -- Herejes, marginales e infectos extranjeros y mentalidad excluyente en la sociedad colonial siglos XVI y XVII. Fernando Armas Asin. -- ¿Estatuto fiscal contra identidad étnica? criterios de diferenciación social en el sur del Perú 1569-1579. Carmen B. Loza. -- Oposiciones a parroquias y doctrinas. El catálogo de la sección Concursos Archivo Arzobispal de Lima. Siglos XVII-XIX. Juan Carlos García. -- Barroco musical en los Andes Siglos XVI-XVII-XVIII. Henrique Urbano. -- Una visión retrospectiva y crítica de las investigaciones etnomusicológicas en Bolivia. Ramiro Gutiérrez. |
| 650 ## - PUNTO DE ACCESO ADICIONAL DE MATERIA--TÉRMINO DE MATERIA |
| Descriptor |
Nutrición |
| 9 (RLIN) |
2384 |
| 650 ## - PUNTO DE ACCESO ADICIONAL DE MATERIA--TÉRMINO DE MATERIA |
| Descriptor |
Cultivos andinos |
| 9 (RLIN) |
21023 |
| 650 ## - PUNTO DE ACCESO ADICIONAL DE MATERIA--TÉRMINO DE MATERIA |
| Descriptor |
Frontera agrícola |
| 9 (RLIN) |
46028 |
| 650 ## - PUNTO DE ACCESO ADICIONAL DE MATERIA--TÉRMINO DE MATERIA |
| Descriptor |
Santa inquisición |
| 9 (RLIN) |
12902 |
| 650 ## - PUNTO DE ACCESO ADICIONAL DE MATERIA--TÉRMINO DE MATERIA |
| Descriptor |
Música barroca |
| 9 (RLIN) |
44532 |
| 650 ## - PUNTO DE ACCESO ADICIONAL DE MATERIA--TÉRMINO DE MATERIA |
| Descriptor |
Etnomusicología |
| 9 (RLIN) |
45772 |
| 700 ## - PUNTO DE ACCESO ADICIONAL--NOMBRE DE PERSONA |
| Nombre Personal |
Eigner, Ulrike |
| 9 (RLIN) |
46455 |
| 700 ## - PUNTO DE ACCESO ADICIONAL--NOMBRE DE PERSONA |
| Nombre Personal |
Ziche, Joachim |
| 9 (RLIN) |
46456 |
| 700 ## - PUNTO DE ACCESO ADICIONAL--NOMBRE DE PERSONA |
| Nombre Personal |
Salis, Annette |
| 9 (RLIN) |
46448 |
| 700 ## - PUNTO DE ACCESO ADICIONAL--NOMBRE DE PERSONA |
| Nombre Personal |
Armas Asin, Fernando |
| 9 (RLIN) |
12160 |
| 700 ## - PUNTO DE ACCESO ADICIONAL--NOMBRE DE PERSONA |
| Nombre Personal |
Loza, Carmen |
| 9 (RLIN) |
46457 |
| 700 ## - PUNTO DE ACCESO ADICIONAL--NOMBRE DE PERSONA |
| Nombre Personal |
García, Juan Carlos |
| 9 (RLIN) |
3209 |
| 700 ## - PUNTO DE ACCESO ADICIONAL--NOMBRE DE PERSONA |
| Nombre Personal |
Urbano, Henrique |
| 9 (RLIN) |
2078 |
| 700 ## - PUNTO DE ACCESO ADICIONAL--NOMBRE DE PERSONA |
| Nombre Personal |
Gutiérrez, Ramiro |
| 9 (RLIN) |
46458 |
| 942 ## - ELEMENTOS DE PUNTO DE ACCESO ADICIONAL (KOHA) |
| Fuente de clasificación |
|
| Tipo de item |
Revistas cusqueñas |
| 945 ## - PROCESAMIENTO DE INFORMACIÓN LOCAL (OCLC) |
| Catalogador |
rac |